[Event "Sardegna Region-ch"]
[Site "Sardara"]
[Date "2011.05.21"]
[Round "1"]
[White "Mallo, Danilo"]
[Black "Marano, Daniele"]
[Result "0-1"]
[WhiteElo "1930"]
[BlackElo "1663"]
[PlyCount "98"]
[EventDate "2011.05.23"]
[EventType "swiss"]
[EventRounds "8"]
[EventCountry "ITA"]
[SourceTitle "EXT 2023"]
[Source "ChessBase"]
[SourceDate "2022.10.05"]
[SourceVersion "1"]
[SourceVersionDate "2022.10.05"]
[SourceQuality "1"]

1. d4 d5 2. c4 dxc4 3. Nc3 e5 4. Qa4+ Bd7 5. Qxc4 exd4 6. Nb5 c5 7. Bd2 Nf6 8. Nf3 a6 9. Ne5 Be6 10. Qa4 Nbd7 11. Na3 b5 12. Nxb5 axb5 13. Qxb5 Qb6 14. e3 Qxb5 15. Bxb5 Bd6 16. Nc6 Rxa2 17. Rxa2 Bxa2 18. exd4 0-0 19. 0-0 cxd4 20. Nxd4 Nc5 21. Ra1 Bd5 22. Nf5 Nb3 23. Rd1 Nxd2 24. Nxd6 Nde4 25. Rxd5 Nxd5 26. Nxe4 Rb8 27. Bc4 Rxb2 28. g3 Nb6 29. Nd6 Nxc4 30. Nxc4 Rb1+ 31. Kg2 g5 32. g4 Kg7 33. Kg3 Rc1 34. Ne3 Rc3 35. h4 gxh4+ 36. Kxh4 Kg6 37. g5 Rd3 38. Kg4 Rd2 39. f3 Re2 40. Kf4 Rxe3 41. Kxe3 Kxg5 42. Ke4 h5 43. Ke3 h4 44. f4+ Kg4 45. Kf2 Kxf4 46. Kg2 f5 47. Kh3 Kf3 48. Kxh4 f4 49. Kh3 Kf2 0-1

[Event "Sardegna Region-ch"]
[Site "Sardara"]
[Date "2010.04.25"]
[Round "8"]
[White "Pannella, Antonello"]
[Black "Marano, Daniele"]
[Result "0-1"]
[WhiteElo "1507"]
[BlackElo "1696"]
[PlyCount "69"]
[EventDate "2010.04.17"]
[EventType "swiss"]
[EventRounds "8"]
[EventCountry "ITA"]
[SourceTitle "EXT 2024"]
[Source "ChessBase"]
[SourceDate "2023.10.10"]
[SourceVersion "1"]
[SourceVersionDate "2023.10.10"]
[SourceQuality "1"]

1. c4 e5 2. Nc3 Bb4 3. a3 Bxc3 4. bxc3 d6 5. d4 f6 6. e4 Ne7 7. Nf3 Nbc6 8. d5 Nb8 9. Be3 Nd7 10. Rb1 b6 11. Be2 a5 12. 0-0 0-0 13. Nh4 Nc5 14. Bxc5 bxc5 15. f4 Ba6 16. f5 Rb8 17. Qa4 c6 18. Qc2 Qc7 19. Nf3 cxd5 20. cxd5 Bxe2 21. Qxe2 Rb6 22. c4 Rfb8 23. Rb5 Rxb5 24. cxb5 c4 25. a4 Qc5+ 26. Kh1 Nc8 27. Rc1 Nb6 28. Nd2 Rc8 29. Qd1 c3 30. Rc2 Nxa4 31. Nb1 Qxb5 32. Qe1 Qd3 33. Nxc3 Rxc3 34. Rxc3 Nxc3 35. h3 0-1